| 000 | 01180nam a2200289 c 4500 | ||
|---|---|---|---|
| 003 | BLK | ||
| 005 | 20210427152231.0 | ||
| 008 | 180412b bul|||||r ||||||| ||bul|| | ||
| 010 | _aKNG00014525000 | ||
| 040 | _aBLK | ||
| 041 |
_aBUL _cBUL |
||
| 080 |
_aДекоративни растения. Декоративно градинарство _b635.9 _x(02) _z635.9(02) |
||
| 100 | 1 |
_aСтайков, Васил Минков _eпърви автор _9257873 |
|
| 139 |
_aСтайков, Васил Минков _bС 62 |
||
| 245 | 1 | 0 |
_aРози _bРъководство _cВасил Минков Стайков. |
| 257 | _aBGR | ||
| 260 |
_аСофия _bЗемиздат _c1986 |
||
| 300 |
_a135 с. _bс ил., сх., табл., 7 л. цв. ил. _c22 см |
||
| 380 | _a63 | ||
| 500 | _a7 100 тир. - Указ. на бълг. и рус. имена на сортовете рози ; Указ. на лат. имена на видовете и сортовете рози. | ||
| 650 | 4 |
_aРози _9169661 |
|
| 852 | _aЦб 146326 | ||
| 856 | 4 |
_qpdf _u |
|
| 856 | 4 |
_qpdf _u |
|
| 942 |
_cKNG _n0 _04 |
||
| 944 |
_aCR _c25.11.2016 _kГрета_Цуфелде |
||
| 944 |
_aED _c25.11.2016 _kГрета_Цуфелде |
||
| 999 |
_c12908 _d12908 |
||